Statystyki dla Najpopularniejsze piosenki Chivasa

Kliknij tutaj aby rozwiązać quiz!

Ogólne statystyki

  • Ten quiz został rozwiązany 286 razy
  • Średni wynik to 6 z 10

Statystyki odpowiedzi

HintOdpowiedź% Poprawnych
1.5 mlnAnyżowe żelki
85%
5,5 mlnNarcyz
85%
25 mlnmam na twarzy krew i tym razem nie jest sztuczna
78%
1,2 mlnxo
61%
3 mlnmłody say10
58%
3,1 mlnpalenie zabija
48%
6,1 mlnjakbym miał w ręku klamkę
47%
3,8 mlnhellcat redeye
44%
1 mlncomme des garcons
23%
1 mlngeneracja hip hop
22%

Rozkład punktacji

Percentyl według liczby udzielonych odpowiedzi

Procent ludzi z każdym wynikiem

Twoja historia wyników

Nie rozwiązałeś tego quizu